Zgadnij polskie marki po emoji - Statystyki

Ogólne statystyki
  • Ten quiz został rozwiązany 311 razy
  • Średni wynik to 8 z 15
Statystyki odpowiedzi
Emoji Marka % Poprawnych
4️⃣F 4F
96%
🐄🍫🟪 Milka
93%
🦅⛽️ Orlen
92%
🦔🍪 Jeżyki
75%
3️⃣©️👟 CCC
66%
⬛️🟥⬜️ Black Red White
61%
➕️📱 Plus
52%
📿🍦 Koral
41%
🏠👕👖 House
40%
👩🪑🛏 Agata Meble
38%
🦬🍾 Żubrówka
31%
🎧📚📰 Empik
28%
🌟 Big Star
23%
🤴👕🍫 Prince Polo
12%
📱💻💶 RTV Euro AGD
12%
Nie znaleziono quizów pasujących do podanych kryteriów
Rozkład punktacji
Procent ludzi z każdym wynikiem
Percentyl według liczby udzielonych odpowiedzi
Twoja historia wyników
Nie rozwiązałeś tego quizu